| 000 | 00630nam a2200193 i 4500 | ||
|---|---|---|---|
| 001 | 47246 | ||
| 003 | ES-MaACL | ||
| 005 | 20250822162340.0 | ||
| 007 | t| | ||
| 008 | 030404s1969 sp ||||1| spa d | ||
| 100 | 1 |
_aCookridge, E. H. _940364 |
|
| 245 | 1 | 0 |
_aIncendiad Europa _b: historia del ejecutivo de operaciones especiales (SOE) / _cE. H. Cookridge ; [versión de Domingo Manfredi Cano]. |
| 250 | _a1ª ed. | ||
| 260 |
_aBarcelona : _bCaralt, _c[1969] |
||
| 300 |
_a501 p., 8 lám. ; _c22 cm. |
||
| 700 | 1 |
_aManfredi Cano, Domingo, _d1918-1998 _975997 |
|
| 852 |
_aES-MaACL _jC-38458 _bR.72554 |
||
| 999 |
_c47246 _d47246 |
||